000 00470nam a2200133Ia 4500
008 100328s9999 xx 000 0 und d
082 _b55170
100 _aपेंढारकर श्रीकांत
245 _aबाबूराव नावाचे झुंबर
260 _bमोरया
630 _aबाबूराव नावाचे झुंबर
730 _aबाबूराव नावाचे झुंबर
942 _cBOOK
999 _c541869
_d541866